「M」のつくロゴクイズ - Statistics

General Stats
  • This quiz has been taken 742 times
  • The average score is 13 of 20
Answer Stats
Picture Answer % Correct
マクドナルド
100%
メルカリ
95%
モスバーガー
92%
モンスター
90%
森永製菓
89%
マインクラフト
89%
マツダ
88%
東京メトロ
87%
Gmail
87%
マイナビ
77%
千葉ロッテマリーンズ
69%
ムヒ
65%
大阪メトロ
64%
名古屋鉄道
46%
マルエツ
46%
みなとみらい線
39%
明治大学
25%
マイアミマーリンズ
24%
森ビル
11%
湘南モノレール
6%
No matching quizzes found
Score Distribution
Percent of People with Each Score
Percentile by Number Answered
Your Score History
You have not taken this quiz